LIBRARY & INFORMATION CENTRE, KCAET, TAVANUR

ONLINE PUBLIC ACCESS CATALOGUE (OPAC)

Bhashabharatham: Anushashika aswamedha ashramavasika parvangal / (Record no. 43)

MARC details
000 -LEADER
fixed length control field 00524cam a2200193ua 4500
041 ## - LANGUAGE CODE
Language code of text/sound track or separate title mal
082 ## - DEWEY DECIMAL CLASSIFICATION NUMBER
Classification number 894.8121
Item number KUN/BH
100 ## - MAIN ENTRY--AUTHOR NAME
Personal name Kunnukuttan Thampuram, Kodungallur .
245 ## - TITLE STATEMENT
Title Bhashabharatham: Anushashika aswamedha ashramavasika parvangal /
250 ## - EDITION STATEMENT
Edition statement 1 /
260 ## - PUBLICATION, DISTRIBUTION, ETC. (IMPRINT)
Place of publication Trichur :
Name of publisher Vallathole Publishing House ,
Year of publication 1957.
300 ## - PHYSICAL DESCRIPTION
Number of Pages ; .
942 ## - ADDED ENTRY ELEMENTS (KOHA)
Koha item type Books
003 - CONTROL NUMBER IDENTIFIER
control field @
003 - CONTROL NUMBER IDENTIFIER
control field OSt
Holdings
Withdrawn status Lost status Damaged status Home library Current library Date acquired Full call number Accession Number Koha item type
Withdrawn     KAUAET Malayalam University 07/04/2012 894.8121 496 Books
free website counter